Analýza hospodárskeho cyklu Slovenskej republiky

Hospodársky cyklus a vplyv štátu na ekonomiku. Praktická aplikácia na hospodárstvo Slovenskej republiky. Špecifiká hospodárskeho vývoja na Slovensku a uplatňovaná hospodárska politika v jednotlivých fázach slovenského hospodárskeho cyklu.

Gespeichert in:
Bibliographische Detailangaben
1. Verfasser: Kočišová, Martina
Format: Buchkapitel
Sprache:Slowakisch
Schlagworte:
Tags: Tag hinzufügen
Keine Tags, Fügen Sie das erste Tag hinzu!

MARC

LEADER 00000nla a2200000 4500
001 0183662
005 20240502073138.4
041 0 |a slo 
044 |a SK 
245 1 0 |a Analýza hospodárskeho cyklu Slovenskej republiky  |c Martina Kočišová 
520 |a Hospodársky cyklus a vplyv štátu na ekonomiku. Praktická aplikácia na hospodárstvo Slovenskej republiky. Špecifiká hospodárskeho vývoja na Slovensku a uplatňovaná hospodárska politika v jednotlivých fázach slovenského hospodárskeho cyklu. 
610 2 0 |a Slovensko 
610 2 0 |a cykly hospodárske 
610 2 0 |a história 
610 2 0 |a kríza hospodárska 
610 2 0 |a politika hospodárska 
100 1 |a Kočišová, Martina